000
00216nam a22000857a 4500
001
1235163
005
20250930105508.0
245
_a
GERÇEKTEN VE YALANCIKTAN
_c
BRIGITTE LABBE
260
_b
GÜNIŞIĞI KİTAPLIĞI YAYINLARI
999
_c
1235163
_d
1235163